Statistics for Sheffield Wednesday Biggest Transfers

Click here to take the quiz!

General Stats

  • This quiz has been taken 17 times
  • The average score is 34 of 65

Answer Stats

% Correct
IncomingsScotlandSTJordan Rhodes17/18Middlesbrough
88%
IncomingsItalySSBenny Carbone96/97Inter Milan
81%
IncomingsItalySSFernando Forestieri15/16Watford
81%
IncomingsEnglandSTGary Hooper15/16Norwich City
81%
OutgoingsItalySTPaolo Di Canio98/99West Ham United
81%
IncomingsEnglandLMAdam Reach16/17Middlesbrough
75%
IncomingsEnglandAMChris Waddle92/93Marseille
69%
IncomingsSwitzerlandCMAlmen Abdi16/17Watford
63%
IncomingsEnglandLMAndy Sinton93/94Queens Park Rangers
63%
OutgoingsEnglandLMAndy Sinton95/96Tottenham Hotspur
63%
OutgoingsEnglandSTDavid Hirst97/98Southampton
63%
IncomingsBelgiumSTGilles De Bilde99/00PSV
63%
IncomingsAngolaSTLucas Joao15/16Nacional
63%
OutgoingsAngolaSTLucas Joao19/20Reading
63%
IncomingsPortugalLWMarco Matias15/16Nacional
63%
IncomingsEnglandSTMark Bright92/93Crystal Palace
63%
IncomingsSwedenRMNiclas Alexandersson97/98Goteborg
63%
OutgoingsSwedenRMNiclas Alexandersson00/01Everton
63%
IncomingsFinlandSTShefki Kuqi01/02Stockport County
63%
OutgoingsScotlandSTStevie May15/16Preston North End
63%
IncomingsScotlandSTStevie May14/15St. Johnstone
63%
IncomingsEnglandLBAndy Hinchcliffe97/98Everton
56%
IncomingsEnglandGKChris Woods91/92Rangers
56%
IncomingsEnglandCBDes Walker93/94Sampdoria
56%
IncomingsFranceLWDjeidi Gassama23/24Paris Saint-Germain
56%
IncomingsNorthern IrelandLBIan Nolan94/95Tranmere Rovers
56%
OutgoingsEnglandRBJack Hunt18/19Bristol City
56%
IncomingsNetherlandsCBJoost van Aken17/18Heerenveen
56%
IncomingsAustraliaCMMassimo Luongo19/20Queens Park Rangers
56%
OutgoingsEnglandCBPaul Warhurst93/94Blackburn Rovers
56%
IncomingsEnglandCBPaul Warhurst91/92Oldham Athletic
56%
IncomingsNetherlandsDMWim Jonk98/99PSV
56%
IncomingsEnglandSTAndy Booth96/97Huddersfield Town
50%
OutgoingsEnglandAMChris Bart-Williams95/96Nottingham Forest
50%
OutgoingsNorthern IrelandCMChris Brunt07/08West Bromwich Albion
50%
OutgoingsEnglandSTDalian Atkinson90/91Real Sociedad
50%
OutgoingsBrazilCBEmerson Thome99/00Chelsea
50%
IncomingsNetherlandsSTGerald Sibon99/00Ajax
50%
OutgoingsUnited StatesRMJohn Harkes93/94Derby County
50%
OutgoingsEnglandGKLee Grant10/11Burnley
50%
OutgoingsEnglandDMCarlton Palmer94/95Leeds United
44%
IncomingsSerbiaSTDarko Kovacevic95/96Crvena Zvezda
44%
OutgoingsSerbiaSTDarko Kovacevic96/97Real Sociedad
44%
IncomingsNorthern IrelandRMJim Magilton97/98Southampton
44%
IncomingsBelgiumSTMarc Degryse95/96Anderlecht
44%
IncomingsWalesLMMark Pembridge95/96Derby County
44%
OutgoingsEnglandRBMel Sterland88/89Rangers
44%
IncomingsNorwayCMPetter Rudi97/98Molde
44%
IncomingsSerbiaCBDejan Stefanovic95/96Crvena Zvezda
38%
IncomingsEnglandSTGary Madine10/11Carlisle United
38%
OutgoingsEnglandSTGordon Watson94/95Southampton
38%
OutgoingsEnglandDMIan Taylor94/95Aston Villa
38%
OutgoingsAlgeriaCBMadjid Bougherra06/07Charlton Athletic
38%
OutgoingsJamaicaSTMichail Antonio14/15Nottingham Forest
38%
IncomingsFranceRBPatrick Blondeau96/97Monaco
38%
OutgoingsFranceRBPatrick Blondeau97/98Bordeaux
38%
IncomingsEnglandRBPeter Atherton94/95Coventry City
38%
IncomingsEnglandSTRichard Cresswell98/99York City
38%
OutgoingsEnglandSTRichard Cresswell00/01Leicester City
38%
IncomingsNorth MacedoniaCBGoce Sedloski97/98Hajduk Split
31%
IncomingsEnglandSTGuy Whittingham94/95Aston Villa
31%
IncomingsEnglandSTNigel Jemson91/92Nottingham Forest
31%
IncomingsEnglandRBJon Newsome95/96Norwich City
25%
IncomingsWalesLBRhoys Wiggins15/16Charlton Athletic
19%
IncomingsEnglandSTFrancis Jeffers07/08Blackburn Rovers
13%

Score Distribution

Percentile by Number Answered

Percent of People with Each Score

Your Score History

You have not taken this quiz